Alexander Gorlin : (Record no. 3128)
[ view plain ]
| 000 -LEADER | |
|---|---|
| fixed length control field | 01366nac a22003131u 4500 |
| 003 - CONTROL NUMBER IDENTIFIER | |
| control field | EG-ScBUE |
| 005 - DATE AND TIME OF LATEST TRANSACTION | |
| control field | 20221020105239.0 |
| 008 - FIXED-LENGTH DATA ELEMENTS--GENERAL INFORMATION | |
| fixed length control field | 130122t1997 nyua f b 000 0 eng d |
| 020 ## - INTERNATIONAL STANDARD BOOK NUMBER | |
| International Standard Book Number | 0847820122 (pbk.) |
| 020 ## - INTERNATIONAL STANDARD BOOK NUMBER | |
| International Standard Book Number | 9780847820122 |
| 040 ## - CATALOGING SOURCE | |
| Original cataloging agency | EG-ScBUE |
| Language of cataloging | eng |
| Description conventions | rda |
| Transcribing agency | EG-ScBUE |
| Modifying agency | EG-ScBUE |
| 082 04 - DEWEY DECIMAL CLASSIFICATION NUMBER | |
| Classification number | 720.92 |
| Item number | ALE |
| Edition number | 22 |
| 245 00 - TITLE STATEMENT | |
| Title | Alexander Gorlin : |
| Remainder of title | buildings and projects / |
| Statement of responsibility, etc | introduction by Paul Goldberger ; essay by Vincent Scully ; afterword by Charles Gwathmey. |
| 246 30 - VARYING FORM OF TITLE | |
| Title proper/short title | Buildings and projects |
| 264 #1 - PUBLICATION, DISTRIBUTION, ETC. (IMPRINT) | |
| Place of publication, distribution, etc | New York, NY : |
| Name of publisher, distributor, etc | Rizzoli International Publications, |
| Date of publication, distribution, etc | [1997] |
| 264 #4 - PUBLICATION, DISTRIBUTION, ETC. (IMPRINT) | |
| Date of publication, distribution, etc | c1997 |
| 300 ## - PHYSICAL DESCRIPTION | |
| Extent | 160 pages : |
| Other physical details | illustrations (some color) ; |
| Dimensions | 28 cm |
| 504 ## - BIBLIOGRAPHY, ETC. NOTE | |
| Bibliography, etc | Includes bibliographical references. |
| 600 17 - SUBJECT ADDED ENTRY--PERSONAL NAME | |
| Personal name | Gorlin, Alexander |
| General subdivision | Criticism and interpretation. |
| Source of heading or term | BUEsh |
| 9 (RLIN) | 31958 |
| 650 #7 - SUBJECT ADDED ENTRY--TOPICAL TERM | |
| Topical term or geographic name as entry element | Architecture |
| Geographic subdivision | United States |
| Chronological subdivision | 20th century. |
| Source of heading or term | BUEsh |
| 9 (RLIN) | 19877 |
| 653 ## - INDEX TERM--UNCONTROLLED | |
| Resource For college | Engineering, Architecture |
| 655 ## - INDEX TERM--GENRE/FORM | |
| Form subdivision | Reading book |
| 700 1# - ADDED ENTRY--PERSONAL NAME | |
| Personal name | Scully, Vincent Joseph, |
| Dates associated with a name | 1920- |
| Relator term | contributor. |
| 9 (RLIN) | 31959 |
| 700 1# - ADDED ENTRY--PERSONAL NAME | |
| Personal name | Gwathmey, Charles, |
| Dates associated with a name | 1938-2009, |
| Relator term | author of introduction, etc. |
| 9 (RLIN) | 31960 |
| 700 1# - ADDED ENTRY--PERSONAL NAME | |
| Personal name | Goldberger, Paul, |
| Relator term | author of introduction, etc. |
| 856 42 - ELECTRONIC LOCATION AND ACCESS | |
| Materials specified | Contributor biographical information |
| Uniform Resource Identifier | <a href="http://www.loc.gov/catdir/bios/hol054/96047058.html">http://www.loc.gov/catdir/bios/hol054/96047058.html</a> |
| 856 42 - ELECTRONIC LOCATION AND ACCESS | |
| Materials specified | Publisher description |
| Uniform Resource Identifier | <a href="http://www.loc.gov/catdir/description/hol042/96047058.html">http://www.loc.gov/catdir/description/hol042/96047058.html</a> |
| 942 ## - ADDED ENTRY ELEMENTS (KOHA) | |
| Koha item type | Book - Borrowing |
| Source of classification or shelving scheme | Dewey Decimal Classification |
| Withdrawn status | Lost status | Source of classification or shelving scheme | Damaged status | Not for loan | Collection code | Home library | Current library | Shelving location | Date acquired | Source of acquisition | Total Checkouts | Full call number | Barcode | Date last seen | Date checked out | Price effective from | Koha item type |
|---|---|---|---|---|---|---|---|---|---|---|---|---|---|---|---|---|---|
| Dewey Decimal Classification | Central Library | Central Library | Second Floor | 21/03/2007 | 1 | 720.92 ALE | 000001451 | 15/07/2025 | 15/06/2010 | 21/03/2007 | Book - Borrowing |